Dieux et déesses grecs - Statistiques

Statistiques générales
  • Ce quiz a été pris 508 fois
    488 depuis la dernière actualisation
  • Le résultat moyen est 12 sur 14
Statistiques - réponses
Rôle Nom du dieu % Correct
C’est le chef de tours les Dieux grecs Zeus
99%
Il habite au fond de l’océan Poséidon
98%
Il est Dieux des enfers Hades
95%
Déesse de la Guerre, de la Sagesse, de la Pensée, des Armes Athena
93%
C’est la déesse de l’amour Aphrodite
92%
C’est le Dieu de la guerre Arès
89%
Dieux messager et des voleurs Hermès
88%
Il est le Dieu du vin Dionysos
85%
Déesse du mariage Héra
83%
Déesse de la chasse Artemis
82%
Dieu du feu et de la forge Héphaïstos
77%
dieu de la musique et du chant, de la beauté masculine, de la lumière solaire Appolon
76%
Déesse de l’agriculture Démeter
70%
C’est la déesse du foyer Hestia
62%
Aucun quiz correspondant
Distribution des résultats
% des personnes avec chaque résultat
Percentile par nombre de réponses
Votre historique - résultats
Vous n’avez pas pris ce quiz depuis la dernière actualisation